Science Quiz

Random Science or Math Quiz

Numbers by Results Quiz Stats

 Plays Quiz Updated Jul 15, 2018

Also try: Math Surprise!
Challenge
Share
Tweet
Embed
Score 0/24 Timer 08:00
0 Plays Today
Hint Answer % Correct
a + b = 14
a - b = 10
12
99.3%
a + b = 14
a - b = 10
2
98.8%
e + f = 33
e - f = 25
29
78.8%
e + f = 33
e - f = 25
4
78.8%
c + d = 67
c - d = 19
43
77.6%
c + d = 67
c - d = 19
24
77.4%
g + h = 61
h - g = 21
20
72.9%
g + h = 61
h - g = 21
41
72.9%
i + j = 83
i - j = 7
38
71.7%
i + j = 83
i - j = 7
45
71.6%
k + l + k = 60
l + k + l = 90
10
62.3%
k + l + k = 60
l + k + l = 90
40
62.1%
Hint Answer % Correct
m + n + m = 37
m - n + m = 7
11
56.8%
m + n + m = 37
m - n + m = 7
15
56.7%
t - u = -3
t + t - u = 0
3
52.8%
t - u = -3
t + t - u = 0
6
52.6%
r + s = 44
r + s + s + s = 78
17
51.3%
r + s = 44
r + s + s + s = 78
27
51.2%
o - p = 62
p + p - o = -43
19
48.4%
o - p = 62
p + p - o = -43
81
48.3%
q - z + q = 116
z - q = 51
167
38.3%
q - z + q = 116
z - q = 51
218
37.6%
x - y = s+p+o+r+c+l+e
x + y = q+u+i+z
346
17%
x - y = s+p+o+r+c+l+e
x + y = q+u+i+z
90
16.1%

You're not logged in!

Compare scores with friends on all Sporcle quizzes.
OR
Log In

You Might Also Like...

Show Comments

Extras

Top Quizzes Today


Score Distribution

Your Account Isn't Verified!

In order to create a playlist on Sporcle, you need to verify the email address you used during registration. Go to your Sporcle Settings to finish the process.

Report this User

Report this user for behavior that violates our Community Guidelines.

Details: